01155naa#a2200181#i#4500001001600000005001700016011001400033100004100047102000700088200037500095210024400470215001000714608004500724675005700769700005200826700006400878856003100942RU\\bibl\11811620260428121247.2##a3033-8239##a20260401b2026####ek#y0rusy0150####ca##aRU1#aРОЛЬ ИСКУССТВЕННОГО ИНТЕЛЛЕКТА В ОБЕСПЕЧЕНИИ ЦИФРОВОГО СУВЕРЕНИТЕТА: ВНЕДРЕНИЕ ИИ В ГОСУДАРСТВЕННОМ УПРАВЛЕНИИ И СОЦИАЛЬНОЙ СФЕРЕ — ПРАВОВЫЕ И ЭТИЧЕСКИЕ АСПЕКТЫ ЕГО РЕГУЛИРОВАНИЯeЖурнальная статья1#aАрмавирcАвтономная некоммерческая организация научно-исследовательский институт «Цифровая философия – Цифровой интеллект»d2026##a0 с.##aЖурнальная статья2local##aИскусственный интеллект. 004.8#1aКарповаgВиктория Юрьевна#1aСоловьеваgЕкатерина Витальевна4#aintellectualsovereignty.ru